00685nam a2200193Ia 4500003000900000008004100009040001600050080002200066110003800088245010800126260005400234300001500288650002500303650001900328650002400347942000700371999001500378952009800393IN-BaIIA211028s9999 xx 000 0 eng d cIIA Library a519.682(035)bTUR aIndian institute of Science95245 0aTurbo Pascal version 2.0 reference manualcIndian institute of Science  aBangalorebDigital Systems and Microprocessor Lab axii, 259p. aComputer Programming aNASA Thesaurus aTurbo Pascal915220 cBK c9050d9050 00104070aBANbBANcGENd1987-06-04l0o519.682(035)/ TURp9947r2021-11-05w1987-06-04yBK